000 01268nam a22002897a 4500
005 20240530110419.0
008 141019s2012 ua gr 000 0 ara d
017 _a11779/2011
_bمصر . دار الكتب
020 _a9789773288788
040 _aEG-CaGPL
082 0 4 _221
_a346.02\
_bر ع
100 0 _aرانيا عزب
245 1 2 _aالعقود الرقمية فى قانون الانترنت :
_bدراسة تحليلية مقارنة فى الفقة والتشريعات العربية والامريكية والاوروبية /
_cرانيا عزب
260 _aالاسكندرية :
_bدار الجامعة الجديدة ،
_c2012
300 _a683 ص ؛
_c24 سم
650 0 4 _aالانترنت
650 0 4 _aالانترنت
_xقوانين وتشريعات
650 0 4 _aالتجارة الالكترونية
650 0 4 _aالانترنت
_xالقانون الجنائى
650 0 4 _aالانترنت
_xالملكية الفكرية
650 0 4 _aالعقود الالكترونية
650 0 4 _aالتجارة الالكترونية
_xقوانين وتشريعات
650 0 4 _aالوكيل الالكترونى
650 0 4 _aالتوقيع الالكترونى
942 _2ddc
_cBK
999 _c60616
_d60616